| 000 | 00953nam0a22002531 4500 | ||
|---|---|---|---|
| 001 | rc\3351072 | ||
| 005 | 20260407080700.0 | ||
| 021 |
_aRU _bРг6460-69 |
||
| 035 | _a(NLR Aleph) 007436280 | ||
| 090 |
_a7068282 _c7068282 |
||
| 100 | _a20130115d1969 |||y0rusy50 ca | ||
| 101 | 0 | _arus | |
| 102 | _aRU | ||
| 105 | _aa b ||||| | ||
| 200 | 1 |
_aЛабораторные электропечи сопротивления широкого назначения _e[Каталог] |
|
| 210 |
_aМосква _cБ. и. _d[1969] |
||
| 215 |
_a27 с. _cил. _d28 |
||
| 225 | 1 |
_aОтделение ВНИИЭМ по научно-технической информации в электротехнике (Информэлектро) _v12.16.02-69 |
|
| 712 | 0 | 2 |
_4475 _aВНИИ электромеханики _3RU\NLR\AUTH\886279 _9284356 |
| 801 | 0 |
_aRU _bNLR _gpsbo |
|
| 801 | 1 |
_aRU _bELAR _2rusmarc |
|
| 852 |
_aNLR _jПт 20/1-12.16.02-69 |
||
| 942 | _cBOOK | ||
| 980 | _aNB | ||